<?xml version="1.0" encoding="UTF-8"?>
<record
    xmlns:xsi="http://www.w3.org/2001/XMLSchema-instance"
    xsi:schemaLocation="http://www.loc.gov/MARC21/slim http://www.loc.gov/standards/marcxml/schema/MARC21slim.xsd"
    xmlns="http://www.loc.gov/MARC21/slim">

  <leader>01973nab a2200217uuc4500</leader>
  <controlfield tag="001">1362311</controlfield>
  <controlfield tag="005">20240202114151.0</controlfield>
  <controlfield tag="008">140310e20120105                    eng  </controlfield>
  <datafield tag="035" ind1=" " ind2=" ">
    <subfield code="a">1362311</subfield>
  </datafield>
  <datafield tag="040" ind1=" " ind2=" ">
    <subfield code="c">comduadb</subfield>
  </datafield>
  <datafield tag="041" ind1=" " ind2=" ">
    <subfield code="a">eng</subfield>
  </datafield>
  <datafield tag="100" ind1="1" ind2="0">
    <subfield code="a">Kinach Loureiro, Claudio</subfield>
    <subfield code="4">aut</subfield>
    <subfield code="e">aut</subfield>
    <subfield code="9">715219</subfield>
  </datafield>
  <datafield tag="245" ind1="1" ind2="4">
    <subfield code="a">The use of protozoan, rotifers and nematodes as live food for shrimp raised in BFT system</subfield>
  </datafield>
  <datafield tag="520" ind1="3" ind2=" ">
    <subfield code="a">The Protozoan and Nematodes Culture Medium - PNCM, enable inexpensively production of microorganism to be used as live food in shrimp culture. It was tested the ciliates produced by PNCM as live food for shrimp larvae in an experiment with four treatments: (BFT) only biofloc medium; (BFT 10) 10 mL of PNCM culture added to biofloc; (BFT 100) 100 mL of PNCM culture added to biofloc; and (BFT 1000) 1000 mL of PNCM culture added to biofloc. The microorganisms were analyzed at the beginning, intermediate and final phases of the experiment which lasted for 30 days. The analysis of shrimp gut contents indicated a predation of shrimps on the ciliates. In most treatments, in the initial period there was significant increase of flagellates, the intermediate phase was marked by the ciliates decrease and the final period was represented by an increase in the abundance of the ciliates and rotifers. Nematodes were absent at the end of the final phase in all treatments, suggesting that these organisms were effectively preyed by shrimps. This study indicate that ciliates, rotifers and nematodes play an important role as live food in hatcheries mainly due to their small size, nutritional value and attractivity exerted on shrimp postlarvae.</subfield>
  </datafield>
  <datafield tag="650" ind1=" " ind2=" ">
    <subfield code="a">Larvicultura</subfield>
    <subfield code="9">177691</subfield>
  </datafield>
  <datafield tag="650" ind1=" " ind2=" ">
    <subfield code="a">Cultivo de camarones</subfield>
    <subfield code="9">61722</subfield>
  </datafield>
  <datafield tag="700" ind1="1" ind2="0">
    <subfield code="a">Wasielesky Jr, Wilson</subfield>
    <subfield code="4">aut</subfield>
    <subfield code="e">aut</subfield>
    <subfield code="9">684654</subfield>
  </datafield>
  <datafield tag="700" ind1="1" ind2="0">
    <subfield code="a">Abreu, Paulo C&#xE9;sar</subfield>
    <subfield code="4">aut</subfield>
    <subfield code="e">aut</subfield>
    <subfield code="9">684655</subfield>
  </datafield>
  <datafield tag="773" ind1="0" ind2=" ">
    <subfield code="t">Atlantica (Brasil)</subfield>
    <subfield code="g">Vol. 34, No. 01, Ene.-Jun. 2012, 5-12</subfield>
    <subfield code="w">1359310</subfield>
    <subfield code="x">0102-1656</subfield>
    <subfield code="0">674900</subfield>
  </datafield>
  <datafield tag="942" ind1=" " ind2=" ">
    <subfield code="c">ARIMP</subfield>
  </datafield>
  <datafield tag="999" ind1=" " ind2=" ">
    <subfield code="c">674782</subfield>
    <subfield code="d">674782</subfield>
  </datafield>
</record>
